Bandiere Dei Territori - Statistics

Statistiche generali
  • Questo quiz è stato fatto 163 volte
  • Il punteggio medio è 21 su 42
Statistiche sulle risposte
con Immagini Risposta % Corretto
groenlandia
91%
isole cook
80%
macao
78%
guam
74%
hong kong
74%
isola di man
74%
gibilterra
67%
porto rico
67%
aruba
66%
isole vergini americane
64%
anguilla
63%
nuova caledonia
61%
isole vergini britanniche
60%
niue
60%
polinesia francese
59%
bermuda
56%
isola di natale
55%
curacao
53%
guernsey
52%
isola norfolk
52%
samoa americane
52%
bonaire
51%
jersey
49%
isole falkland
47%
isola di pasqua
46%
isole marianne
46%
isole cocos
45%
tokelau
45%
sant'elena
43%
aland
42%
montserrat
42%
far oer
41%
isole pitcairn
40%
sint maarten
37%
ascensione
32%
isole cayman
32%
territorio britannico dell'oceano indiano
32%
saba
28%
georgia del sud
25%
tristan da cunha
21%
terre australi e antartiche francesi
20%
sint eustatius
13%
Nessun quiz corrispondente trovato
Distribuzione punteggi
Percentuale di utenti per punteggio
Percentile per numero di risposta
I tuoi punteggi nel tempo
Non hai fatto questo quiz